| 000 | 00879nam a22002417a 4500 | ||
|---|---|---|---|
| 005 | 20240530110759.0 | ||
| 008 | 190117s2017 ua g 000 0|ara d | ||
| 017 |
_a2017/26333 _bمصر. دار الكتب |
||
| 020 | _a9789779115627 | ||
| 040 |
_aEG-CaGPL _cEG-CaGPL |
||
| 082 | 0 | 4 |
_221 _a709 / _bع ت |
| 100 | 0 | _aعزالدين نجيب | |
| 245 | 1 | 0 |
_aتحولات الفن عند مفصل القرنين بين الثابت والمتغير : _bدراسات ومناظرات / _cتاليف عزالدين نجيب |
| 250 | _aط.1 | ||
| 260 |
_aالقاهرة : _bالهيئة المصرية العامة للكتاب، _c2017. |
||
| 300 |
_a367 ص. ؛ _c24 سم. |
||
| 650 | 0 | 7 |
_2qrmak _aالفن |
| 650 | 0 | 7 |
_2qrmak _aالفنانون |
| 650 | 0 | 7 |
_2qrmak _aالفن _xفلسفة |
| 651 | _2qrmak | ||
| 942 |
_2ddc _cBK |
||
| 999 |
_c64948 _d64948 |
||